Normal view
MARC view
Entry Topical Term
001 - CONTROL NUMBER
- control field: 21540
003 - CONTROL NUMBER IDENTIFIER
- control field: OSt
005 - DATE AND TIME OF LATEST TRANSACTION
- control field: 20210205125921.0
008 - FIXED-LENGTH DATA ELEMENTS
- fixed length control field: 210205|| aca||aabn | a|a d
040 ## - CATALOGING SOURCE
- Original cataloging agency: OSt
- Transcribing agency: OSt
150 ## - HEADING--TOPICAL TERM
- Topical term or geographic name entry element: Great war, France, Indian labour corps, Assam, Northeast indian labourers, Labour recruitment, Perception of war and works, Warrior tradition
670 ## - SOURCE DATA FOUND
- Source citation: Work cat.: (OSt): Guite, Jangkhomang. 21539, Rite of passage in the Great War: The long march of Northeast Indian labourers to France, 1917–1918
